_Special Needs Education Distance Learning module 8 &30 Introduction to Community Rehabilitation / Moses Teddy Okech (Record no. 7310)
[ view plain ]
| 000 -LEADER | |
|---|---|
| fixed length control field | 00449nam a2200121Ia 4500 |
| 008 - FIXED-LENGTH DATA ELEMENTS--GENERAL INFORMATION | |
| fixed length control field | 151021s9999 xx 000 0 und d |
| 050 ## - LIBRARY OF CONGRESS CALL NUMBER | |
| Classification number | LC 3988 .K4K57 2003 |
| 245 ## - TITLE STATEMENT | |
| Title | _Special Needs Education Distance Learning module 8 &30 Introduction to Community Rehabilitation / Moses Teddy Okech |
| 260 ## - PUBLICATION, DISTRIBUTION, ETC. (IMPRINT) | |
| Place of publication, distribution, etc. | Nairobi : KISE , 2003 |
| 300 ## - PHYSICAL DESCRIPTION | |
| Extent | ix,101 p. |
| 650 ## - SUBJECT ADDED ENTRY--TOPICAL TERM | |
| Topical term or geographic name as entry element | _Concepts of Community Based Rehabilitation |
| 980 ## - EQUIVALENCE OR CROSS-REFERENCE-SERIES STATEMENT--PERSONAL NAME/TITLE [LOCAL, CANADA] | |
| Personal name | ^d20110609 01:03:18^okilerai |
No items available.